00305nam a2200121Ia 4500008004100000041001200041082001800053100001500071245004100086260002900127300000700156650002000163231217s9999 xx 000 0 und d aEnglish a658.4093 BHA aBhatia R L 0aManaging time for a competitive edge c1994bWheeler, New Delhi a99 aTime management